Catálogo
 En Linea
Vista normal Vista MARC

Entrada Nombre personal

Número de registros utilizados en: 1

001 - NÚMERO DE CONTROL

  • campo de control: 82860

003 - IDENTIFICADOR DEL NÚMERO DE CONTROL

  • campo de control: DO-SdBNP

005 - FECHA Y HORA DE LA ÚLTIMA TRANSACCIÓN

  • campo de control: 20221122144750.0

008 - DATOS DE LONGITUD FIJA

  • campo de control de longitud fija: 221122|| aca||aabn | a|a d

040 ## - FUENTE DE LA CATALOGACIÓN

  • Centro catalogador/agencia de origen: DO-SdBNP
  • Centro/agencia transcriptor: DO-SdBNP

100 ## - ENCABEZAMIENTO-NOMBRE DE PERSONA

  • Nombre de persona: Mejía Vallejo, Moseñor Fausto
  • Fechas asociadas al nombre: 1941-
  • Forma completa/desarrollada del nombre: (Fausto Ramón Mejía Vallejo)
  • Subdivisión de forma: Biografía
  • Subdivisión geográfica: República dominicana

670 ## - FUENTE DE DATOS ENCONTRADOS

  • Cita de la fuente: Work cat.: (DO-SdBNP)52986: Monseñor Fausto Mejía Vallejo, Obispo de San Francisco de Macorís. /

Con tecnología Koha